000 00948nam a22003137a 4500
001 BR9000557
003 BR-BrBNA
005 20230928093348.0
007 ta
008 230509b bl.||||| |||| 00| 0 por d
040 _aBR-BrBNA
_bpor
_cBiblioteca Nacional de Agricultura
041 _a(Por)
072 _aL01; L02; L10
090 _ L01 BR9000557
110 1 _aSociedade Brasileira de Zootecnia, Vicosa, MG (Brasil)
_99827
111 1 _a25. Reuniao da Sociedade Brasileira de Zootecnia
_cVicosa, MG (Brazil)
_d24-29 Jul 1988
245 1 _aAnais da 25. Reuniao da Sociedade Brasileira de Zootecnia
260 3 _aVicosa, MG (Brasil):
_c1988.
300 _a342 p.
500 _aSummary only
650 _aZOOTECNIA
650 _aNUTRICAO ANIMAL
650 _aPLANTA FORRAGEIRA
650 _aREPRODUCAO ANIMAL
650 _aMELHORAMENTO GENETICO ANIMAL
650 _aMANEJO
909 _a202309
_bLucia
_c55
_dLucia Elande
942 _cBK
999 _c44552
_d44552